01574nam a2200385Ia 4500001001200000003000800012006001900020007001500039008004100054010001700095020001800112020001800130040002100148035002100169050002400190245010900214260005000323300001500373490004200388504005100430533015200481650003600633650001400669650002700683650006600710650007100776650003700847650004600884650004200930655002900972700002701001710001701028856012601045999001701171ebr10634523CaPaEBRm u cr cn|||||||||121001s2012 gw sb 001 0 eng d z 2012035987 z9783110260588 z9783110260571 aCaPaEBRcCaPaEBR a(OCoLC)84759431314aZA4232b.I53 2012eb00aIndexing and retrieval of non-text informationh[electronic resource] /cedited by Diane Rasmussen Neal. aBerlin ;aBoston :bDe Gruyter Mouton,c2012. avi, 431 p.0 aKnowledge and information,x1868-842X aIncludes bibliographical references and index. aElectronic reproduction.bPalo Alto, Calif. :cebrary,d2013.nAvailable via World Wide Web.nAccess may be limited to ebrary affiliated libraries. 0aWorld Wide WebxSubject access. 0aIndexing. 0aInformation retrieval. 0aInformation storage and retrieval systemsxNonbook materials. 0aInformation storage and retrieval systemsxAudio-visual materials. 0aCataloging of nonbook materials. 0aCataloging of computer network resources. 0aCataloging of audio-visual materials. 7aElectronic books.2local1 aNeal, Diane Rasmussen.2 aebrary, Inc.40uhttp://site.ebrary.com/lib/rucke/Doc?id=10634523zAn electronic book accessible through the World Wide Web; click to view c47843d47843